00792nam a2200229 i 4500001000700000003000900007005001700016007000300033008004100036100002400077245006500101250001500166260005000181300002200231490003600253650002200289700003400311830004400345852003200389999001900421952012200440101674ES-MaACL20250919110344.0t|051021s1968 sp ||||1| spa d1 aMehl, Roger.97981410aSociedad y amor / cRoger Mehl; [traducido ...Juan Estruch]. a[1ª ed.]. aBarcelona : bFontanella Bibliograf., c1968. a224 p. ; c18 cm.1 aColección "Pensamiento" ; v1 4aFamilias.91539051 aEstruch, Joan, d1943-9482560 aColección "Pensamiento" ; v19232348 aES-MaACLjC-37189 bR.66943 c101674d101674 00104070aATENEOMbATENEOMcDEPO2d2008-01-17eSCl0oC-37189p1106146r2023-02-23 00:00:00w2023-02-23yMONOGRAFIA